000 00365nam a2200157Ia 4500
003 OSt
005 20240130101021.0
008 170523s9999 xx 000 0 und d
020 _a978-8182815612
040 _ciimt university meerut
100 _aJHINGAN- ML
245 0 _aMACRO ECONOMIC THEORY
260 _bKONARK PUBLICATION
260 _c1995
942 _2ddc
_c02
999 _c183
_d183